000 00515nam a2200205Ia 4500
003 OSt
005 20220524102544.0
008 210210b1996 xxu||||| |||| 00| 0 eng d
040 _cAL
041 _aEnglish
082 _a540 JAYT
100 _aJAYARAMAN (S) & RAO (S B Balaji).
_938680
245 _aText book of chemistry II P U C
260 _aN D
_bSaraswati House (P) Ltd.
_c1996
300 _aiv,479,iv
650 _aII P U C
_938681
690 _aChemistry
_938682
906 _a051346
942 _2ddc
_cBK
999 _c99607
_d99607